Entrada Topical Term
Número de registros utilizados en: 4
001 - CONTROL NUMBER
003 - CONTROL NUMBER IDENTIFIER
005 - DATE AND TIME OF LATEST TRANSACTION
- control field:
20161208091758.0
008 - FIXED-LENGTH DATA ELEMENTS
- fixed length control field:
161208|| aca||aabn | a|a d
040 ## - CATALOGING SOURCE
- Original cataloging agency:
OSt
- Transcribing agency:
OSt
150 ## - HEADING--TOPICAL TERM
- Topical term or geographic name entry element:
Éxito
- General subdivision:
Aspectos psicológicos.
670 ## - SOURCE DATA FOUND
- Source citation:
Work cat.: (OSt): Covey, Stephen Richards, 1932-2012 5181, La sabiduría y el legado / , 2014.